[Event "8th Lost Boys op"]
[Site "Amsterdam NED"]
[Date "2000.08.18"]
[Round "8"]
[White "Van der Hoeven, Gert-Jan"]
[Black "Krnic, Zdenko"]
[Result "1-0"]
[WhiteElo "2251"]
[BlackElo "2401"]
[EventDate "2000.08.11"]
[PlyCount "80"]

1.e4 c5 2.d4 cxd4 3.c3 dxc3 4.Nxc3 Nc6 5.Nf3 d6 6.Bc4 e6 7.O-O a6 8.Qe2 b5
9.Bb3 Ra7 10.Be3 Rd7 11.Rac1 Bb7 12.Rfd1 Be7 13.Na4 Nf6 14.Nb6 Rc7 15.e5 
Nxe5 16.Nxe5 Rxc1 17.Bxc1 Qxb6 18.Nxf7 Kxf7 19.Qxe6+ Ke8 20.Re1 Ne4 21.
Rxe4 Bxe4 22.Bg5 Qc7 23.Qxe4 d5 24.Bxd5 Kd8 25.Be3 Bd6 26.Be6 h6 27.Qa8+ 
Qb8 28.Qc6 Bxh2+ 29.Kh1 Qd6 30.Bb6+ Ke7 31.Bc5 Kxe6 32.Bxd6 Bxd6 33.Qxa6 
b4 34.Qc4+ Ke7 35.Qd4 Rg8 36.Qe4+ Kf6 37.g4 Rd8 38.f4 Kf7 39.Qc4+ Kf8 40.
Kg2 Be7 1-0

[Event "8th Lost Boys op"]
[Site "Amsterdam NED"]
[Date "2000.08.18"]
[Round "8"]
[White "Remmel, Tim"]
[Black "Konguvel, Ponnuswamy"]
[Result "0-1"]
[WhiteElo "2225"]
[BlackElo "2377"]
[EventDate "2000.08.11"]
[PlyCount "116"]

1.e4 c5 2.Nf3 Nc6 3.Nc3 g6 4.Bb5 Bg7 5.O-O d6 6.e5 dxe5 7.Bxc6+ bxc6 8.Re1
Qc7 9.d3 Rb8 10.Ne4 Nf6 11.Nxc5 Rb5 12.Nb3 Nd7 13.c4 Rb8 14.d4 O-O 15.Nxe5
Nxe5 16.Bf4 Be6 17.Bxe5 Bxe5 18.dxe5 Bxc4 19.Nd2 Bd5 20.Qc2 Rb4 21.Nf1 
Rfb8 22.b3 a5 23.Rad1 Qb6 24.Qd2 e6 25.Re3 Rg4 26.Ng3 a4 27.h3 Rh4 28.bxa4
Rxa4 29.Nh5 Rxa2 30.Nf6+ Kg7 31.Qc1 Qb2 32.Rf1 Qxc1 33.Rxc1 Rbb2 34.Nxd5 
cxd5 35.Rf3 Rb7 36.Re1 Rab2 37.Rf4 Rb1 38.Kf1 g5 39.Rg4 h6 40.h4 R1b4 41.
Rxb4 Rxb4 42.hxg5 hxg5 43.f3 g4 44.Kf2 Kg6 45.Kg3 gxf3 46.gxf3 Kf5 47.Re3 
Rb1 48.Re2 Rd1 49.Re3 d4 50.Re4 d3 51.Kf2 d2 52.Rd4 Kxe5 53.Rd7 Rh1 54.Ke2
d1=Q+ 55.Rxd1 Rxd1 56.Kxd1 Kf4 57.Ke2 Kg3 58.Ke3 f5 0-1

[Event "8th Lost Boys op"]
[Site "Amsterdam NED"]
[Date "2000.08.18"]
[Round "8"]
[White "Egeli, Per Ove"]
[Black "Sadewasser, Axel"]
[Result "1-0"]
[WhiteElo "2347"]
[BlackElo "2211"]
[EventDate "2000.08.11"]
[PlyCount "81"]

1.c4 Nf6 2.g3 g6 3.Bg2 Bg7 4.Nc3 O-O 5.e4 d6 6.Nge2 e5 7.d3 c6 8.O-O Be6 
9.h3 d5 10.exd5 cxd5 11.d4 e4 12.cxd5 Bxd5 13.Nxd5 Qxd5 14.Nc3 Qd7 15.d5 
Na6 16.Be3 Rfd8 17.Qb3 b6 18.Rad1 Rac8 19.Qa3 Nc5 20.b4 Nb7 21.Bd4 Nd6 22.
Rfe1 Rc4 23.Bf1 Rc7 24.Qb3 Qf5 25.Bg2 Re8 26.Qb1 Rc4 27.Qb3 Rec8 28.a4 h5 
29.a5 h4 30.g4 Qf4 31.Ne2 Qg5 32.axb6 axb6 33.Be3 Qe5 34.Bf4 Qe7 35.Bg5 
Qe5 36.Bxh4 e3 37.Qxe3 Qxe3 38.fxe3 Rxb4 39.Nd4 Nfe4 40.Nc6 Rb2 41.Ne7+ 
1-0

[Event "8th Lost Boys op"]
[Site "Amsterdam NED"]
[Date "2000.08.18"]
[Round "8"]
[White "Kiseleva, Natalia"]
[Black "Byklum, Bjornar"]
[Result "1-0"]
[WhiteElo "2323"]
[BlackElo "2127"]
[EventDate "2000.08.11"]
[PlyCount "74"]

1.d4 Nf6 2.c4 c5 3.d5 a6 4.a4 e5 5.Nc3 d6 6.e4 Be7 7.Bd3 Nbd7 8.Nge2 O-O 
9.O-O Ne8 10.g3 g6 11.Bh6 Ng7 12.Qd2 Nf6 13.f3 Kh8 14.a5 b6 15.axb6 Qxb6 
16.Rfb1 Rb8 17.Na4 Qc7 18.b4 Bd7 19.Be3 Rb7 20.bxc5 Rxb1+ 21.Bxb1 dxc5 22.
Bc2 Rb8 23.Qc3 Nge8 24.Nb2 Bc8 25.Nd3 Nd7 26.Nec1 f5 27.Ba4 Nef6 28.Bxd7 
Nxd7 29.Nb3 fxe4 30.fxe4 Nf6 31.Nf2 Kg8 32.h3 Bd6 33.Bg5 Nd7 34.Ng4 Bb7 
35.Nh6+ Kg7 36.Rf1 Kh8 37.Rf7 Rf8 1-0

[Event "8th Lost Boys op"]
[Site "Amsterdam NED"]
[Date "2000.08.18"]
[Round "8"]
[White "Erwich, Marc"]
[Black "Van Delft, Merijn"]
[Result "1/2-1/2"]
[WhiteElo "2205"]
[BlackElo "2320"]
[EventDate "2000.08.11"]
[PlyCount "117"]

1.e4 c6 2.d4 d5 3.exd5 cxd5 4.c4 Nf6 5.Nc3 g6 6.cxd5 Nxd5 7.Qf3 Nf6 8.Bb5+
Nbd7 9.Nge2 Bg7 10.O-O O-O 11.h3 Nb6 12.Bg5 a6 13.Bd3 Nbd5 14.Bc4 Nxc3 15.
bxc3 Qc7 16.Bb3 Bd7 17.Nf4 Bc6 18.d5 Bb5 19.Rfe1 Rfe8 20.h4 Bc4 21.h5 Bxb3
22.axb3 Qd7 23.hxg6 hxg6 24.Rad1 Qf5 25.Bxf6 Qxf6 26.c4 b5 27.c5 a5 28.d6 
exd6 29.Rxe8+ Rxe8 30.Qc6 Re5 31.cxd6 Qxf4 32.d7 Bf6 33.Qxf6 Qxf6 34.d8=Q+
Qxd8 35.Rxd8+ Kg7 36.Ra8 b4 37.Ra6 f5 38.f4 Re3 39.Rxa5 Rxb3 40.Rb5 Kh6 
41.Kh2 Kh5 42.Rb6 Kg4 43.Rxg6+ Kxf4 44.Rb6 Rb1 45.Rb8 b3 46.Rb5 Ke4 47.Kg3
Kd3 48.Rxf5 Rc1 49.Rb5 Kc2 50.Kf4 b2 51.g4 b1=Q 52.Rxb1 Rxb1 53.g5 Kd3 54.
g6 Kd4 55.Kf5 Kd5 56.g7 Rf1+ 57.Kg6 Rg1+ 58.Kh7 Rxg7+ 59.Kxg7 1/2-1/2

[Event "8th Lost Boys op"]
[Site "Amsterdam NED"]
[Date "2000.08.18"]
[Round "8"]
[White "Soderberg, Per"]
[Black "Hopman, Pieter"]
[Result "1-0"]
[WhiteElo "2261"]
[BlackElo "2188"]
[EventDate "2000.08.11"]
[PlyCount "111"]

1.e4 d5 2.exd5 Qxd5 3.Nc3 Qa5 4.d4 c6 5.Bc4 Bf5 6.Nf3 Nf6 7.Bd2 e6 8.Ne5 
Qb6 9.Bc1 Bd6 10.Bb3 Bxe5 11.dxe5 Ng4 12.Qe2 Nd7 13.f4 Qd8 14.g3 h5 15.h3 
Nh6 16.Qxh5 Nc5 17.Be3 Nxb3 18.Rd1 Qa5 19.cxb3 Be4 20.b4 Qxb4 21.Rd4 Qxd4 
22.Bxd4 Bxh1 23.Qg5 O-O 24.g4 Rfd8 25.Bc5 Rd3 26.f5 exf5 27.gxf5 Kh7 28.
Be3 Re8 29.Ke2 Rxc3 30.bxc3 Rxe5 31.Qg3 Re8 32.Qh4 Kg8 33.Qf4 f6 34.Kd2 a6
35.Bd4 Be4 36.Bxf6 Nxf5 37.Be5 Rd8+ 38.Kc1 Bd3 39.h4 c5 40.h5 c4 41.Qg5 
Rd5 42.Bxg7 Rb5 43.Bd4+ Kf7 44.Qf6+ Ke8 45.Qe6+ Kf8 46.h6 Rb1+ 47.Kd2 Rb2+
48.Ke1 Rb1+ 49.Kf2 Rf1+ 50.Kg2 Nh4+ 51.Kg3 Nf5+ 52.Kh2 Nxd4 53.Qc8+ Kf7 
54.Qxb7+ Kg6 55.Qg7+ Kh5 56.cxd4 1-0

[Event "8th Lost Boys op"]
[Site "Amsterdam NED"]
[Date "2000.08.18"]
[Round "8"]
[White "Erwich, Frank"]
[Black "Ree, Hans"]
[Result "1-0"]
[WhiteElo "2224"]
[BlackElo "2417"]
[EventDate "2000.08.11"]
[PlyCount "45"]

1.c4 e5 2.Nc3 d6 3.g3 g6 4.Bg2 Bg7 5.e4 Nc6 6.Nge2 h5 7.h4 Nh6 8.d3 Bd7 9.
f3 a6 10.Be3 Nd4 11.a4 a5 12.Nb5 Ne6 13.Qd2 f5 14.Bh3 Qb8 15.d4 exd4 16.
Nexd4 Nc5 17.exf5 gxf5 18.O-O c6 19.Nxc6 bxc6 20.Nxd6+ Kd8 21.Bxc5 Qxb2 
22.Rfe1 Rb8 23.Qxa5+ 1-0

[Event "8th Lost Boys op"]
[Site "Amsterdam NED"]
[Date "2000.08.18"]
[Round "8"]
[White "Wippermann, Till"]
[Black "Molinari, Gabriel"]
[Result "1/2-1/2"]
[WhiteElo "2306"]
[BlackElo "2121"]
[EventDate "2000.08.11"]
[PlyCount "88"]

1.e4 c5 2.Nc3 Nc6 3.f4 g6 4.Nf3 Bg7 5.Bb5 Nd4 6.Bd3 d6 7.Nxd4 cxd4 8.Ne2 
Nf6 9.Nxd4 Nxe4 10.Bxe4 Bxd4 11.c3 Bg7 12.Qf3 Qd7 13.d4 Rb8 14.O-O Qg4 15.
Qf2 O-O 16.Be3 b6 17.Qc2 Bb7 18.d5 Rbc8 19.Qa4 Qe2 20.Rae1 Qxb2 21.Qxa7 
Rxc3 22.Bc1 Rxc1 23.Rxc1 Bc8 24.Kh1 Bf6 25.Qa4 Qd2 26.Qc2 Qa5 27.Qb3 Kg7 
28.a3 Bd7 29.Rc7 Bb5 30.Rb1 Be2 31.Qe3 Bb5 32.Rb7 Rc8 33.h3 Rc3 34.Qxb6 
Qxa3 35.Rxb5 Qc1+ 36.Qg1 Qxf4 37.Bf3 Rc1 38.Bd1 Be5 39.Rb1 Bd4 40.Qe1 Bc3 
41.g3 Qf5 42.Qe3 Rxb1 43.Qxc3+ Kg8 44.Rxb1 Qf1+ 1/2-1/2

[Event "8th Lost Boys op"]
[Site "Amsterdam NED"]
[Date "2000.08.18"]
[Round "8"]
[White "Azadmanesh, Moosa"]
[Black "Leer-Salvesen, Bjarte"]
[Result "0-1"]
[WhiteElo "2141"]
[BlackElo "2277"]
[EventDate "2000.08.11"]
[PlyCount "128"]

1.e4 e6 2.d4 d5 3.Nc3 Bb4 4.e5 c5 5.a3 Bxc3+ 6.bxc3 Qc7 7.Qg4 f5 8.Qh5+ g6
9.Qd1 Bd7 10.Nf3 Ba4 11.Bd3 cxd4 12.cxd4 Qc3+ 13.Bd2 Qxd3 14.cxd3 Bxd1 15.
Kxd1 Nc6 16.Rb1 Rb8 17.h4 h6 18.a4 Rh7 19.Bc1 b6 20.Ba3 Nge7 21.Kd2 f4 22.
Rhc1 Rc8 23.Rc3 Nf5 24.Rbc1 Kd7 25.Bb2 Rhh8 26.R3c2 Rhg8 27.Rh1 Rg7 28.Rh3
g5 29.hxg5 hxg5 30.Rh5 Rcg8 31.Ng1 Ncxd4 32.Rc3 g4 33.Ra3 Rc8 34.Bc3 f3 
35.gxf3 gxf3 36.Nh3 Ne2 37.Bb2 d4 38.a5 b5 39.Ng5 Nf4 40.Rh7 Rxh7 41.Nxh7 
Nd5 42.Ng5 b4 43.Rb3 Rc3 44.Rxb4 Nxb4 45.Bxc3 dxc3+ 46.Kxc3 Nc6 47.Nxf3 
Nxa5 48.Kb4 Nc6+ 49.Kc5 Kc7 50.d4 Nfe7 51.Ng5 Nd8 52.f3 a6 53.Nh7 Nb7+ 54.
Kc4 Kc6 55.Ng5 Nd8 56.Ne4 Nd5 57.Nc5 a5 58.Nb3 Nb7 59.Nd2 a4 60.Ne4 Na5+ 
61.Kd3 a3 62.Kc2 Nb4+ 63.Kc3 a2 64.Kb2 Nb3 0-1

[Event "8th Lost Boys op"]
[Site "Amsterdam NED"]
[Date "2000.08.18"]
[Round "8"]
[White "Stellwagen, Daniel"]
[Black "De Jong, Migchiel"]
[Result "0-1"]
[WhiteElo "2285"]
[BlackElo "2276"]
[EventDate "2000.08.11"]
[PlyCount "80"]

1.e4 e6 2.Nc3 c5 3.Nge2 a6 4.d4 cxd4 5.Nxd4 b5 6.Bd3 Qb6 7.Nb3 Qc7 8.O-O 
Bb7 9.Be3 Nf6 10.a3 d6 11.f4 Nbd7 12.Qf3 Be7 13.Rae1 h5 14.Kh1 O-O-O 15.
Nd4 Kb8 16.Bg1 Nc5 17.Nb3 h4 18.Qh3 Nh5 19.Re3 d5 20.exd5 Nxb3 21.cxb3 
Nxf4 22.Rxf4 Qxf4 23.Rf3 Qe5 24.Rxf7 exd5 25.Rf5 Qe6 26.Ne2 Bf6 27.Nd4 Qd7
28.Qe3 Rde8 29.Qf2 h3 30.g4 Re4 31.Rxf6 gxf6 32.Bxe4 dxe4 33.Qf4+ Qc7 34.
Qe3 Rc8 35.Ne2 Qc5 36.Qg3+ Qe5 37.Qe3 Rc2 38.Ng3 Qxb2 39.Qa7+ Kc8 40.Qe3 
Rxh2+ 0-1

[Event "8th Lost Boys op"]
[Site "Amsterdam NED"]
[Date "2000.08.18"]
[Round "8"]
[White "Lahaye, Rick"]
[Black "Van Oosterom, Erik"]
[Result "1/2-1/2"]
[WhiteElo "2220"]
[BlackElo "2194"]
[EventDate "2000.08.11"]
[PlyCount "66"]

1.e4 e5 2.Nf3 Nf6 3.Nc3 Bb4 4.Nxe5 O-O 5.Nf3 Nxe4 6.Nxe4 Re8 7.Be2 Rxe4 8.
O-O d5 9.d4 Re8 10.Bg5 Be7 11.Bxe7 Rxe7 12.Bd3 Nd7 13.c3 Nf8 14.Ne5 f6 15.
Ng4 Qd6 16.Ne3 c6 17.Qf3 Bd7 18.Rae1 Rae8 19.Re2 Ng6 20.Qh5 Nf8 21.Rfe1 
Be6 22.Nf1 Bf7 23.Qg4 Rxe2 24.Rxe2 Rxe2 25.Qxe2 Qe6 26.Qxe6 Nxe6 27.g3 Bg6
28.Bxg6 hxg6 29.Kg2 Kf7 30.Ne3 Ke7 31.Kf3 Kd6 32.Ke2 b6 33.h4 c5 1/2-1/2

[Event "8th Lost Boys op"]
[Site "Amsterdam NED"]
[Date "2000.08.19"]
[Round "9"]
[White "Kidambi, Sundararajan"]
[Black "Van der Wiel, John"]
[Result "1/2-1/2"]
[WhiteElo "2404"]
[BlackElo "2531"]
[EventDate "2000.08.11"]
[PlyCount "57"]

1.d4 d6 2.c4 e5 3.Nc3 exd4 4.Qxd4 Nf6 5.g3 g6 6.Bg2 Bg7 7.Nh3 O-O 8.O-O 
Nbd7 9.Qh4 Nc5 10.Bh6 Bxh6 11.Qxh6 Bxh3 12.Qxh3 Re8 13.Qh4 Nfe4 14.Qxd8 
Raxd8 15.Nxe4 Nxe4 16.Rfd1 a5 17.e3 h5 18.Rd4 Nc5 19.Rb1 Kg7 20.b3 Ra8 21.
a3 Ra7 22.h4 Re7 23.b4 axb4 24.axb4 Nd7 25.Rd5 Nb6 26.Rd4 Nd7 27.Rd2 Ne5 
28.Rc2 c6 29.Bf1 1/2-1/2

[Event "8th Lost Boys op"]
[Site "Amsterdam NED"]
[Date "2000.08.19"]
[Round "9"]
[White "David, Alberto"]
[Black "Jonkman, Harmen"]
[Result "1-0"]
[WhiteElo "2487"]
[BlackElo "2424"]
[EventDate "2000.08.11"]
[PlyCount "65"]

1.c4 Nf6 2.d4 e6 3.Nc3 Bb4 4.Bg5 h6 5.Bh4 b6 6.Qc2 Bb7 7.Nf3 Na6 8.e3 c5 
9.d5 Bxc3+ 10.bxc3 Qe7 11.Bd3 Nb8 12.O-O O-O 13.e4 e5 14.Nxe5 Qxe5 15.f4 
Qc7 16.Bxf6 gxf6 17.Qf2 Re8 18.e5 f5 19.Qh4 d6 20.Qxh6 Nd7 21.Rf3 Nf8 22.
Rg3+ Ng6 23.e6 Re7 24.Bxf5 Rf8 25.exf7+ Rfxf7 26.Rxg6+ Rg7 27.Rxg7+ Rxg7 
28.Be6+ Rf7 29.Qg6+ Kf8 30.Bxf7 Qxf7 31.Qxd6+ Kg8 32.Re1 Bc8 33.Qd8+ 1-0

[Event "8th Lost Boys op"]
[Site "Amsterdam NED"]
[Date "2000.08.19"]
[Round "9"]
[White "Nio Bertholee, Rob"]
[Black "Bosboom, Manuel"]
[Result "1/2-1/2"]
[WhiteElo "2343"]
[BlackElo "2455"]
[EventDate "2000.08.11"]
[PlyCount "144"]

1.e4 c5 2.Nc3 a6 3.g3 b5 4.Bg2 Bb7 5.d3 e6 6.Be3 Qc7 7.Nh3 Nf6 8.O-O Be7 
9.f4 d5 10.exd5 Nxd5 11.Nxd5 Bxd5 12.Bxd5 exd5 13.Qg4 O-O 14.f5 Nd7 15.Nf4
Nf6 16.Qf3 Qe5 17.g4 Nxg4 18.Qxg4 Qxe3+ 19.Kh1 Bd6 20.Rae1 Qd4 21.c3 Qf6 
22.Nxd5 Qh6 23.Re2 Rfe8 24.Rfe1 Rxe2 25.Rxe2 Rd8 26.Qe4 Qh3 27.Kg1 h5 28.
c4 Qg4+ 29.Qxg4 hxg4 30.Re4 g3 31.hxg3 Bxg3 32.Nf6+ Kh8 33.Re3 Bf4 34.Rh3+
Bh6 35.Ng4 Kh7 36.cxb5 axb5 37.Kf2 Rd5 38.Nxh6 gxh6 39.f6 Kg6 40.Ke3 h5 
41.Ke4 Rg5 42.d4 Kxf6 43.dxc5 Rxc5 44.Rb3 Rg5 45.a3 h4 46.Kf4 Kg6 47.Rc3 
Rd5 48.Kg4 Rd4+ 49.Kh3 b4 50.axb4 Rxb4 51.Rc8 f5 52.Rg8+ Kh5 53.Rh8+ Kg5 
54.Rg8+ Kf4 55.Kxh4 Kf3+ 56.Kh3 f4 57.Rf8 Rxb2 58.Ra8 Kf2 59.Ra3 f3 60.Kg4
Rb4+ 61.Kh3 Re4 62.Ra2+ Re2 63.Ra1 Rb2 64.Kh2 Rd2 65.Rb1 Ra2 66.Rc1 Ra3 
67.Rb1 Ra2 68.Rc1 Ra7 69.Rc2+ Ke3 70.Rc3+ Ke2 71.Rc2+ Kd3 72.Rb2 Ra8 
1/2-1/2

[Event "8th Lost Boys op"]
[Site "Amsterdam NED"]
[Date "2000.08.19"]
[Round "9"]
[White "Jens, Jelmer"]
[Black "Saravanan, Venkat"]
[Result "1/2-1/2"]
[WhiteElo "2280"]
[BlackElo "2412"]
[EventDate "2000.08.11"]
[PlyCount "103"]

1.d4 Nf6 2.c4 g6 3.Nc3 Bg7 4.e4 d6 5.Bg5 O-O 6.Qd2 c5 7.d5 Qa5 8.Bd3 e6 9.
Nge2 exd5 10.exd5 Nbd7 11.f4 a6 12.O-O b5 13.cxb5 Nb6 14.bxa6 c4 15.Bc2 
Nbxd5 16.f5 Nxc3 17.bxc3 Rxa6 18.Nd4 Rb6 19.Rae1 d5 20.a4 Qc5 21.Kh1 Rb2 
22.Qc1 Rb7 23.Qf4 Bd7 24.Qh4 Qd6 25.Re3 h6 26.Bxh6 Bxh6 27.Qxh6 Ng4 28.Qh3
Nxe3 29.Qxe3 Re8 30.Qh6 Qf6 31.Kg1 Qh8 32.Qg5 Qe5 33.Qh4 Rb6 34.f6 Qh5 35.
Qg3 Re5 36.Nf3 Ree6 37.Qc7 Be8 38.a5 Rb2 39.Nd4 Re3 40.a6 Qe5 41.Qxe5 Rxe5
42.Ra1 Rb8 43.Ba4 Bxa4 44.a7 Ra8 45.Rxa4 Re1+ 46.Kf2 Rb1 47.Nc6 Kf8 48.Nb4
Ke8 49.Ke3 Rd1 50.Ke2 Rb1 51.Ke3 Rd1 52.Ke2 1/2-1/2

[Event "8th Lost Boys op"]
[Site "Amsterdam NED"]
[Date "2000.08.19"]
[Round "9"]
[White "Rebers, Eugene"]
[Black "Peng, Zhaoqin"]
[Result "1/2-1/2"]
[WhiteElo "2257"]
[BlackElo "2403"]
[EventDate "2000.08.11"]
[PlyCount "104"]

1.e4 e6 2.d3 c5 3.Nf3 Nc6 4.g3 d5 5.Nbd2 Nge7 6.Bg2 g6 7.O-O Bg7 8.Re1 h6 
9.h4 O-O 10.e5 Qc7 11.Qe2 b5 12.Nf1 Nf5 13.c3 Qe7 14.Bf4 b4 15.Qd2 Ba6 16.
N1h2 Kh7 17.Ng4 Rac8 18.Bf1 Bb7 19.Rab1 a5 20.d4 Rfd8 21.Be2 a4 22.Kg2 a3 
23.Bg5 hxg5 24.hxg5 Kg8 25.Nf6+ Kf8 26.g4 axb2 27.gxf5 exf5 28.Nh7+ Kg8 
29.Nf6+ Kf8 30.Qxb2 Ba8 31.Nh7+ Kg8 32.Nf6+ Kf8 33.Nh7+ Kg8 34.Nf6+ Kf8 
35.cxb4 Nxd4 36.Nh7+ Kg8 37.Nf6+ Kf8 38.Nxd4 cxd4 39.Bd3 Rc3 40.Qd2 Rdc8 
41.Rh1 f4 42.Rbe1 Qe6 43.Rh4 Ra3 44.b5 Rcc3 45.Reh1 f3+ 46.Kg1 Ke7 47.Rh8 
Bxf6 48.exf6+ Kd7 49.Bf1 Qg4+ 50.Kh2 Rxa2 51.Qxa2 Qf4+ 52.Kh3 Qf5+ 1/2-1/2

[Event "8th Lost Boys op"]
[Site "Amsterdam NED"]
[Date "2000.08.19"]
[Round "9"]
[White "Roebers, Jan"]
[Black "Van Blitterswijk, Stefan"]
[Result "0-1"]
[WhiteElo "2237"]
[BlackElo "2351"]
[EventDate "2000.08.11"]
[PlyCount "78"]

1.e4 c5 2.Nf3 d6 3.d4 cxd4 4.Nxd4 Nf6 5.Nc3 a6 6.f4 g6 7.Be2 Bg7 8.Be3 O-O
9.O-O Nbd7 10.Kh1 Qc7 11.a4 b6 12.Nd5 Nxd5 13.exd5 Bb7 14.c4 Rae8 15.f5 
Ne5 16.Rc1 Bc8 17.Qd2 gxf5 18.Nxf5 Bxf5 19.Rxf5 e6 20.Rh5 Ng6 21.Bd3 exd5 
22.cxd5 Qd7 23.b3 b5 24.axb5 axb5 25.Rf1 Re5 26.Rxe5 Bxe5 27.Qe2 b4 28.Qf3
Ra8 29.Qe4 Bc3 30.Bg5 Re8 31.Qf3 Bg7 32.Bf5 Qb7 33.h4 h6 34.Bd2 Nxh4 35.
Qh5 Nxf5 36.Rxf5 Qd7 37.Bxb4 Rb8 38.Rf4 Qe7 39.Qf3 Rxb4 0-1

[Event "8th Lost Boys op"]
[Site "Amsterdam NED"]
[Date "2000.08.19"]
[Round "9"]
[White "Nep, Ron"]
[Black "Wiersma, Eelke"]
[Result "0-1"]
[WhiteElo "2192"]
[BlackElo "2402"]
[EventDate "2000.08.11"]
[PlyCount "56"]

1.d4 Nf6 2.Nf3 c5 3.d5 g6 4.Bg5 Bg7 5.Bxf6 Bxf6 6.c3 O-O 7.e4 d6 8.Bc4 Na6
9.O-O Nc7 10.a4 b6 11.Re1 Bb7 12.Na3 a6 13.Bf1 Rb8 14.Qd2 Bg7 15.g3 f5 16.
c4 fxe4 17.Ng5 e6 18.Nxe4 exd5 19.cxd5 Bxd5 20.Nc3 Ba8 21.Bg2 Bxg2 22.Kxg2
d5 23.Re2 b5 24.axb5 axb5 25.Nab1 b4 26.Nd1 Nb5 27.Qe1 Rb7 28.Nd2 Nd4 0-1

[Event "8th Lost Boys op"]
[Site "Amsterdam NED"]
[Date "2000.08.19"]
[Round "9"]
[White "Wortel, Marten"]
[Black "Hendriks, Willy"]
[Result "0-1"]
[WhiteElo "2296"]
[BlackElo "2378"]
[EventDate "2000.08.11"]
[PlyCount "114"]

1.e4 g6 2.d4 Bg7 3.Nc3 d6 4.Nf3 Nf6 5.h3 O-O 6.Be3 a6 7.a4 b6 8.Bc4 e6 9.
O-O Bb7 10.d5 exd5 11.exd5 Nbd7 12.Nd4 Re8 13.Qd2 Nc5 14.f3 Nh5 15.g4 Qh4 
16.Nde2 Ng3 17.Rf2 Qxh3 18.Rh2 Nxe2+ 19.Bxe2 Qg3+ 20.Rg2 Qe5 21.Kf2 Re7 
22.Rh1 Rae8 23.Bh6 Qd4+ 24.Kf1 Qxd2 25.Bxd2 Be5 26.b3 Nd7 27.Rh3 Nf6 28.
Bc4 Bd4 29.Ne2 Be5 30.Nc3 Bc8 31.Rh4 Bd7 32.g5 Nh5 33.Ne4 f5 34.gxf6 Nxf6 
35.Bxa6 Nxe4 36.Rxe4 Bh3 37.Kg1 Bxg2 38.Kxg2 Bf6 39.Rxe7 Rxe7 40.b4 Bd4 
41.Bb5 Kg7 42.Kg3 Kf6 43.a5 bxa5 44.bxa5 Re5 45.Bc4 Re8 46.Bb5 Rb8 47.c4 
Rf8 48.Bc6 Rb8 49.a6 Rb3 50.Kh4 Rxf3 51.Bg5+ Kf5 52.Bd7+ Ke4 53.Bd8 Ra3 
54.Bb5 h6 55.Be8 Bf2+ 56.Kg4 Rg3+ 57.Kh4 Kf4 0-1

[Event "8th Lost Boys op"]
[Site "Amsterdam NED"]
[Date "2000.08.19"]
[Round "9"]
[White "Konguvel, Ponnuswamy"]
[Black "Van der Hoeven, Gert-Jan"]
[Result "1/2-1/2"]
[WhiteElo "2377"]
[BlackElo "2251"]
[EventDate "2000.08.11"]
[PlyCount "56"]

1.e4 d6 2.d4 Nf6 3.Nc3 g6 4.Be3 c6 5.Qd2 Bg7 6.Nf3 b5 7.Bd3 Bg4 8.Ng1 O-O 
9.h3 Bd7 10.Nf3 a5 11.Bh6 Qb6 12.O-O Re8 13.e5 dxe5 14.dxe5 Nd5 15.Bxg7 
Kxg7 16.Ne4 Na6 17.c4 bxc4 18.Bxc4 Nac7 19.Rac1 Reb8 20.b3 a4 21.Nd4 h6 
22.Rfd1 Ne6 23.Nxe6+ Bxe6 24.bxa4 Rxa4 25.Qe1 Rxc4 26.Rxc4 Ne3 27.Rxc6 
Qxc6 28.Qxe3 Bxa2 1/2-1/2

[Event "8th Lost Boys op"]
[Site "Amsterdam NED"]
[Date "2000.08.19"]
[Round "9"]
[White "Smeets, Jan"]
[Black "Egeli, Per Ove"]
[Result "1-0"]
[WhiteElo "2183"]
[BlackElo "2347"]
[EventDate "2000.08.11"]
[PlyCount "95"]

1.e4 c6 2.d4 d5 3.e5 Bf5 4.Nf3 e6 5.Be2 Ne7 6.O-O c5 7.dxc5 Nec6 8.Be3 Nd7
9.Nc3 Bxc5 10.Nb5 O-O 11.Bxc5 Nxc5 12.c4 dxc4 13.Bxc4 Qb6 14.Qe2 Bg4 15.
Rad1 Rad8 16.h3 Bxf3 17.gxf3 Ne7 18.b4 Na6 19.Rd6 Rxd6 20.exd6 Nf5 21.Qd2 
Nb8 22.Rd1 Rd8 23.Bd3 Nc6 24.Bxf5 exf5 25.Qd5 Nxb4 26.Qxf5 Nc6 27.d7 g6 
28.Qd5 Qa5 29.Qc4 Kg7 30.Rd5 Qb4 31.Qd3 Qb2 32.Nc3 Qc1+ 33.Kg2 Qf4 34.Ne4 
Kh6 35.Qc3 Ne7 36.Rd3 Nc6 37.Rd5 Ne7 38.Rd3 Qf5 39.Qc7 Nc6 40.Qd6 Kg7 41.
Qc7 Qa5 42.Qxb7 Qb6 43.Qc8 Ne5 44.Qc3 Qb5 45.Nc5 f6 46.Rd6 Kf7 47.Qd4 Qc4 
48.Nb7 1-0

[Event "8th Lost Boys op"]
[Site "Amsterdam NED"]
[Date "2000.08.19"]
[Round "9"]
[White "Michiels, Bart"]
[Black "Kiseleva, Natalia"]
[Result "0-1"]
[WhiteElo "2055"]
[BlackElo "2323"]
[EventDate "2000.08.11"]
[PlyCount "66"]

1.e4 e6 2.d4 d5 3.e5 c5 4.c3 Nc6 5.Nf3 Bd7 6.a3 Nge7 7.b4 cxd4 8.cxd4 Nf5 
9.Be3 Rc8 10.Be2 Be7 11.O-O O-O 12.Nbd2 f6 13.exf6 Bxf6 14.Nb3 Be8 15.b5 
Na5 16.Nc5 Nxe3 17.fxe3 Qe7 18.Qa4 b6 19.Rac1 e5 20.Nd3 Rxc1 21.Nxc1 exd4 
22.exd4 Bg5 23.Qc2 Bg6 24.Qb2 Qe3+ 25.Kh1 Bh6 26.Re1 Rc8 27.Qa2 Be4 28.Bc4
Rxc4 29.Rxe3 Bxe3 30.Ne2 Rc2 31.Qa1 Rxe2 32.h3 Bxf3 33.gxf3 Rc2 0-1

[Event "8th Lost Boys op"]
[Site "Amsterdam NED"]
[Date "2000.08.19"]
[Round "9"]
[White "De Vilder, Hans"]
[Black "Werle, Jan"]
[Result "1-0"]
[WhiteElo "2146"]
[BlackElo "2311"]
[EventDate "2000.08.11"]
[PlyCount "89"]

1.e4 c5 2.Nf3 d6 3.d4 cxd4 4.Nxd4 Nf6 5.Nc3 Nc6 6.Bg5 e6 7.Qd2 a6 8.O-O-O 
h6 9.Bf4 Bd7 10.Nxc6 Bxc6 11.f3 d5 12.Qe1 Bb4 13.a3 Ba5 14.b4 Bb6 15.exd5 
Bxd5 16.Be5 O-O 17.Qh4 Be3+ 18.Kb2 Bg5 19.Qd4 Bc6 20.a4 Qxd4 21.Bxd4 Rfd8 
22.Bc4 Rac8 23.Kb3 Bf4 24.b5 axb5 25.axb5 Be8 26.g3 Bb8 27.Bb6 Rd6 28.Rxd6
Bxd6 29.Rd1 Be7 30.Be3 Ra8 31.Na4 Nd7 32.Be2 Rc8 33.c4 Kf8 34.f4 Nc5+ 35.
Nxc5 Bxc5 36.Bxc5+ Rxc5 37.Rd8 e5 38.Kb4 b6 39.Rb8 exf4 40.gxf4 h5 41.Bf3 
Ke7 42.Rxb6 Rf5 43.Rb7+ Kd8 44.Rb8+ Ke7 45.b6 1-0

[Event "8th Lost Boys op"]
[Site "Amsterdam NED"]
[Date "2000.08.19"]
[Round "9"]
[White "Blokhuis, Jeroen"]
[Black "Berkvens, Joost"]
[Result "0-1"]
[WhiteElo "2240"]
[BlackElo "2364"]
[EventDate "2000.08.11"]
[PlyCount "66"]

1.e4 e5 2.Nf3 Nc6 3.Bb5 Nd4 4.Ba4 Bc5 5.c3 Nxf3+ 6.Qxf3 Qf6 7.Qe2 Ne7 8.
O-O O-O 9.Kh1 Ng6 10.d4 exd4 11.f4 d5 12.e5 d3 13.Qxd3 Bf5 14.Qe2 Qe6 15.
b4 Bb6 16.Bb3 f6 17.c4 c6 18.cxd5 cxd5 19.Qd2 Rad8 20.exf6 Qxf6 21.Bb2 Qc6
22.Nc3 Kh8 23.Ne2 Nh4 24.Nd4 Qg6 25.Rae1 Be4 26.Rf2 Nxg2 27.Rxe4 dxe4 28.
Rxg2 Qf6 29.Ne6 Rxd2 30.Rxd2 Qh4 31.Re2 Rf7 32.Nxg7 Rxg7 33.Rxe4 Qh5 0-1

[Event "8th Lost Boys op"]
[Site "Amsterdam NED"]
[Date "2000.08.19"]
[Round "9"]
[White "Van Delft, Merijn"]
[Black "Erwich, Frank"]
[Result "1-0"]
[WhiteElo "2320"]
[BlackElo "2224"]
[EventDate "2000.08.11"]
[PlyCount "53"]

1.e4 e5 2.Nf3 Nc6 3.Bb5 a6 4.Ba4 Nf6 5.O-O Be7 6.Re1 b5 7.Bb3 O-O 8.c3 d5 
9.exd5 Nxd5 10.Nxe5 Nxe5 11.Rxe5 c6 12.d4 Bd6 13.Re1 Qh4 14.g3 Qh3 15.Re4 
g5 16.Qf3 Bf5 17.Bc2 Bf4 18.Bxf4 Nxf4 19.Nd2 Bg4 20.Qh1 Ne2+ 21.Rxe2 Bxe2 
22.Qxc6 Bh5 23.Qh6 f5 24.Qxg5+ Bg6 25.Nf3 Qh5 26.Qf4 Rae8 27.Ne5 1-0

[Event "8th Lost Boys op"]
[Site "Amsterdam NED"]
[Date "2000.08.19"]
[Round "9"]
[White "Backelin, Rikard"]
[Black "Erwich, Marc"]
[Result "0-1"]
[WhiteElo "2306"]
[BlackElo "2205"]
[EventDate "2000.08.11"]
[PlyCount "58"]

1.g3 e5 2.Bg2 d5 3.d3 Nf6 4.Nf3 Bd6 5.O-O O-O 6.c3 c6 7.Nbd2 h6 8.e4 Be6 
9.Qe2 Nbd7 10.a3 a5 11.b3 Re8 12.h3 Qc7 13.Rb1 Rad8 14.Bb2 Bf8 15.Rfe1 
dxe4 16.dxe4 Nc5 17.b4 axb4 18.axb4 Nd3 19.Red1 Ba2 20.Ba1 c5 21.Nf1 Bxb1 
22.Rxb1 c4 23.Bb2 b5 24.Nh4 Ra8 25.Bc1 Qa7 26.Be3 Qa2 27.Nd2 Ra3 28.Qf3 
Rxc3 29.Nf5 Nxb4 0-1

[Event "8th Lost Boys op"]
[Site "Amsterdam NED"]
[Date "2000.08.19"]
[Round "9"]
[White "Leer-Salvesen, Bjarte"]
[Black "Amesz, Jaap"]
[Result "1-0"]
[WhiteElo "2277"]
[BlackElo "2185"]
[EventDate "2000.08.11"]
[PlyCount "151"]

1.c4 Nf6 2.g3 e5 3.Bg2 d5 4.cxd5 Nxd5 5.Nc3 Nb6 6.Nf3 Nc6 7.d3 Be7 8.O-O 
O-O 9.Be3 Be6 10.Rc1 Qd7 11.Re1 Nd5 12.Nxd5 Bxd5 13.a3 Rad8 14.b4 Bf6 15.
Rc5 Rfe8 16.Qc1 a6 17.Rxd5 Qxd5 18.Nd4 Qa2 19.Nxc6 bxc6 20.Bxc6 Re6 21.Be4
g6 22.Qa1 Qxa1 23.Rxa1 Be7 24.g4 Rb8 25.Rc1 a5 26.bxa5 Ra6 27.Rxc7 Kf8 28.
Bh6+ Ke8 29.Bc6+ Kd8 30.Rd7+ Kc8 31.Rxe7 Rxc6 32.Rxe5 Kd7 33.Be3 Rb3 34.
Bc5 f6 35.Rd5+ Ke6 36.e4 Rb5 37.d4 Rxa5 38.Kg2 Raa6 39.Kg3 Rc7 40.h4 Rd7 
41.Rxd7 Kxd7 42.Kf4 Kc6 43.g5 Kb5 44.Ke3 Kc4 45.gxf6 Rxf6 46.f4 Rf7 47.Bb4
Rb7 48.d5 Rf7 49.d6 Rd7 50.Kf3 Kd4 51.e5 Kd5 52.Kg4 Ke6 53.Bc5 Rd8 54.Bb4 
Rd7 55.Kf3 Kd5 56.Ke3 Rg7 57.a4 h6 58.a5 Rf7 59.Bc3 Rb7 60.a6 Ra7 61.Bd4 
Ra8 62.a7 Kc6 63.Ke4 Rf8 64.Bf2 h5 65.Be3 Re8 66.f5 gxf5+ 67.Kxf5 Kd7 68.
Kf6 Rf8+ 69.Kg7 Ra8 70.Kf7 Rh8 71.Bf4 Re8 72.e6+ Rxe6 73.a8=Q Rf6+ 74.Kg7 
Rf7+ 75.Kg6 Rf6+ 76.Kxh5 1-0